• 首页
  • 本馆介绍
  • 公告通知
  • 最新文献
  • 馆藏检索
  • 电子资源
  • 读者导购
  • 参考咨询
  • 我的图书馆
  • 登录
  • 详细信息显示
  • 放入我的书架
  • 预约/预借图书
  • 作者相关作品
  • 分类相关作品
  • 丛书相关作品
  • 出版社相关作品

书目信息

  • 表格格式
  • 工作单格式
  • 卡片格式
题名:
世界规模的积累
    
 
作者: 阿明 著 ;杨明柱 , 杨光 , 李宝源 译
分册:  
出版信息: 北京   社会科学文献出版社  2017
页数: 519页
开本: 24cm
丛书名: 社科文献学术译库
单 册:
中图分类: F114.44
科图分类:
主题词: 发达国家--fa da guo jia--国际经济关系--发展中国家--研究
电子资源:
ISBN: 978-7-5097-7053-5
000 01941nam0 22003491 450
001 1738614322
005 20170627164633.0
010    @a978-7-5097-7053-5@dCNY158.00
100    @a20170511d2017 em y0chiy50 ea
101 1  @achi@ceng
102    @aCN@b110000
105    @ay z 000yy
106    @ar
200 1  @a世界规模的积累@9shi jie gui mo de ji lei@e欠发达理论批判@dAccumulation on a world scale@ea critique of the theory of underdevelopment@f(埃及)萨米尔·阿明(Samir Amin)著@g杨明柱,杨光,李宝源译@zeng
210    @a北京@c社会科学文献出版社@d2017
215    @a519页@d24cm
225 2  @a社科文献学术译库@9she ke wen xian xue shu yi ku
305    @a本书由萨米尔·阿明(Samir Amin)授权社会科学文献出版社独家出版中文版
305    @a本书根据1970年法文版译出,并参考了1974年出版的英文版
314    @a萨米尔·阿明 (Samir Amin) (1931-),埃及著名经济学家,颇负盛名的研究发展中国家社会经济发展理论的学者。生于开罗。著述颇丰,主要有《世界规模的积累》、《不平等的发展》等。
330    @a本书从论述世界范围内的资本积累出发,考察了发达资本主义国家与发展中国家之间不平等发展的经济关系。作者认为,世界范围内不平等的国际分工(发展中国家生产初级产品,发达资本主义国家生产工业制成品)是发达资本主义国家与发展中国家之间不平等经济关系的导因;发达资本主义国家与发展中国家在国际贸易中所产生的不平等交换则是这种不平等发展经济关系的表现形式。在此基础上,作者进一步分析了发展中国家社会经济发展受阻的原因。
461  0 @12001 @a社科文献学术译库
510 1  @aAccumulation on a world scale@ea critique of the theory of underdevelopment@zeng
517 1  @a欠发达理论批判@9qian fa da li lun pi pan
606 0  @a发达国家@9fa da guo jia@x国际经济关系@x发展中国家@x研究
690    @aF114.44@v5
701  0 @c(埃及)@a阿明@9a ming@c(Amin, Samir@f1931-)@4著
702  0 @a杨明柱@9yang ming zhu@4译
702  0 @a杨光@9yang guang@4译
702  0 @a李宝源@9li bao yuan@4译
801  0 @aCN@bTANGWEI@c20170621
905    @b1016051-3@dF114.44@e183@f3
    
    世界规模的积累:欠发达理论批判=Accumulation on a world scale:a critique of the theory of underdevelopment/(埃及)萨米尔·阿明(Samir Amin)著/杨明柱,杨光,李宝源译.-北京:社会科学文献出版社,2017
    519页;24cm.-(社科文献学术译库)
    
    
    ISBN 978-7-5097-7053-5:CNY158.00
    本书从论述世界范围内的资本积累出发,考察了发达资本主义国家与发展中国家之间不平等发展的经济关系。作者认为,世界范围内不平等的国际分工(发展中国家生产初级产品,发达资本主义国家生产工业制成品)是发达资本主义国家与发展中国家之间不平等经济关系的导因;发达资本主义国家与发展中国家在国际贸易中所产生的不平等交换则是这种不平等发展经济关系的表现形式。在此基础上,作者进一步分析了发展中国家社会经济发展受阻的原因。
●
相关链接 在E读中查询图书 在五车中查询图书 在当当中查询图书 在豆瓣中查询图书


正题名:世界规模的积累     索取号:F114.44/183         预约/预借

序号 登录号 条形码 馆藏地/架位号 状态 备注
1 1016051   210160519   第一样本阅览室/ [索取号:F114.44/183] 在馆    
2 1016052   210160528   教育系资料室/ [索取号:F114.44/183] 在馆    
3 1016053   210160537   第一借阅区/ [索取号:F114.44/183] 在馆    
唐山师范学院图书馆 欢迎您!
大连网信软件有限公司© 版权所有